| 000 | 01325cam a22001814a 4500 | ||
|---|---|---|---|
| 005 | 20250605164037.0 | ||
| 008 | 250528s ||||||||||||||||||||||||d | ||
| 035 | _a16860 | ||
| 040 |
_aGR-AtMCL _bgre _dGR-AtMCL _eAACR2 |
||
| 245 | 1 | _aΟικονομικά Μετασχηματισμού και Ανάπτυξης / Πολιτική Οικονομία IV: Σημειώσεις | |
| 260 |
_bΠανεπιστήμιο Αθηνών. Τμήμα Οικονομικών Επιστημών, _c1999 |
||
| 300 | _a202 | ||
| 520 | _aΕισαγωγή, Διαρθρωτικές και Νέο-Κλασικές Ερμηνείες της Εξέλιξης, Από το Νέο-Κλασικό στο Εξελικτικό Υπόδειγμα Οικονομικής Μεγέθυνσης, Ανάπτυξη και Διεθνής Αγορά και Ανταγωνιστικά Πλεονεκτήματα, Διεθνής Αγορά και Διεθνείς Άμεσες Επενδύσεις και η Διεθνοποίηση της Παραγωγής, Τεχνολογία και Ανάπτυξη, Παγκοσμιοποίηση και Τεχνολογική Αλλαγή και Κρατικές Λειτουργίες, Βιβλιογραφία. | ||
| 700 | 1 |
_aΓιαννίτσης Τάσος _92944 |
|
| 942 | _cBK | ||
| 999 |
_c2312 _d2312 |
||